Проектирование линий электропередачи. Механическая часть: учебное пособие

Podrobná bibliografie
Hlavní autor: Короткевич М. А. Михаил Андреевич
Shrnutí:Приведены методы расчета конструктивных элементов линий электропередачи на механическую прочность, определения расчетных нагрузок на промежуточные, промежуточные угловые, анкерные, анкерные угловые и концевые опоры линий электропередачи. Изложены основы проектирования железобетонных, металлических и деревянных опор. Рассмотрены вопросы расчета фундаментов металлических опор и закреплений в грунте железобетонных и деревянных опор, а также проектирования механической части кабельных линий. Для студентов вузов электроэнергетических специальностей. Будет полезно магистрантам, аспирантам, проектировщикам линий электропередачи, инженерам-практикам.
Jazyk:ruština
Vydáno: Минск, Вышэйшая школа, 2010
Edice:ВУЗ студентам высших учебных заведений
Témata:
Médium: MixedMaterials Kniha
KOHA link:https://koha.lib.tpu.ru/cgi-bin/koha/opac-detail.pl?biblionumber=187379

MARC

LEADER 00000nam0a2200000 4500
001 187379
005 20231101224048.0
010 |a 9789850617002 
035 |a (RuTPU)RU\TPU\book\203334 
090 |a 187379 
100 |a 20101115d2010 m y0rusy50 ca 
101 0 |a rus 
102 |a BY 
105 |a a j 001zy 
200 1 |a Проектирование линий электропередачи. Механическая часть  |e учебное пособие  |f М. А. Короткевич 
210 |a Минск  |c Вышэйшая школа  |d 2010 
215 |a 576 с.  |c ил. 
225 1 |a ВУЗ студентам высших учебных заведений 
320 |a Библиогр.: с. 566-567. 
330 |a Приведены методы расчета конструктивных элементов линий электропередачи на механическую прочность, определения расчетных нагрузок на промежуточные, промежуточные угловые, анкерные, анкерные угловые и концевые опоры линий электропередачи. Изложены основы проектирования железобетонных, металлических и деревянных опор. Рассмотрены вопросы расчета фундаментов металлических опор и закреплений в грунте железобетонных и деревянных опор, а также проектирования механической части кабельных линий. Для студентов вузов электроэнергетических специальностей. Будет полезно магистрантам, аспирантам, проектировщикам линий электропередачи, инженерам-практикам. 
606 1 |a Электрические линии передачи  |x Проектирование  |2 stltpush  |3 (RuTPU)RU\TPU\subj\27073  |9 50876 
610 1 |a конструктивные элементы 
610 1 |a расчет 
610 1 |a механическая прочность 
610 1 |a провода 
610 1 |a изоляторы 
610 1 |a опоры 
610 1 |a линии электропередачи 
610 1 |a воздушные линии электропередачи 
610 1 |a защита 
610 1 |a проектирование 
610 1 |a молния 
610 1 |a грозозащита 
610 1 |a надежность 
610 1 |a расчетные нагрузки 
610 1 |a железобетонные опоры 
610 1 |a металлические опоры 
610 1 |a конструирование 
610 1 |a деревянные опоры 
610 1 |a учебные пособия 
675 |a 621.315.1.001.6(075.8)  |v 3 
700 1 |a Короткевич  |b М. А.  |g Михаил Андреевич 
801 1 |a RU  |b 63413507  |c 20101115 
801 2 |a RU  |b 63413507  |c 20150616  |g RCR 
942 |c BK